000 00438nam a22001697a 4500
005 20160517103417.0
008 160517b xxu||||| |||| 00| 0 eng d
020 _a10-81-7722-166-3
041 _aeng
082 _b2467
100 _aBhupen Shrivastava
_9676
245 _aOrganization Design and Development Concepts & Application
260 _aNew Delhi
_bBigtantra,
_c2008
300 _a358
650 _aManagement
_9241
942 _cBK
999 _c894
_d894